000 00535nam a2200193Ia 4500
001 20096
003 GE_BSU
008 181216s||||||||xx |||||||||||||| ||und||
040 _cGE_BSU
245 _aГеоморфология. №1.2017.
245 _cГл.ред.Чичагов В.П.
260 _aМосква
260 _bРоссийская акад. наук
260 _c2017
300 _a144 стр. 30 см.
653 _aГеоморфология. №1.2017.
653 _aპერიოდიკა
942 _cCR
999 _c53059
_d53059